|
|
|
|
| LEADER |
01232nam a2200325 a 4500 |
| 001 |
3828 |
| 003 |
BD-DhAAL |
| 005 |
20150215095159.0 |
| 008 |
150215s1989 enk b 001 0 eng d |
| 010 |
|
|
|a GB 89011560
|
| 020 |
|
|
|a 0333446690 (cased) :
|c £25.00 (Mar.)
|
| 020 |
|
|
|a 0333446704 (pbk) :
|c £7.95
|
| 040 |
|
|
|a Uk
|c Uk
|d DLC
|d CStRLIN
|d NjP
|d NNC
|d BD-DhAAL
|
| 082 |
0 |
4 |
|a 306.7/7
|2 19
|
| 090 |
|
|
|a HQ77
|b .W66 1989g
|
| 100 |
1 |
|
|a Woodhouse, Annie,
|d 1948-
|9 8387
|
| 245 |
1 |
0 |
|a Fantastic women :
|b sex, gender and transvestism /
|c Annie Woodhouse.
|
| 260 |
|
|
|a Basingstoke :
|b Macmillan Education,
|c 1989.
|
| 300 |
|
|
|a xiv, 157 p. ;
|c 22 cm.
|
| 490 |
1 |
|
|a Women in society
|
| 500 |
|
|
|a Includes index.
|
| 504 |
|
|
|a Bibliography: p. 149-154.
|
| 610 |
2 |
0 |
|a Transvestite/Transsexual Social Group (UK)
|v Case studies.
|9 8388
|
| 650 |
|
0 |
|a Transvestism
|z Great Britain
|v Case studies.
|9 8389
|
| 650 |
|
0 |
|a Sex role
|z Great Britain
|v Case studies.
|9 8390
|
| 830 |
|
0 |
|a Women in society.
|9 8391
|
| 900 |
|
|
|a AUTH
|
| 942 |
|
|
|2 ddc
|c BK
|
| 999 |
|
|
|c 33692
|d 33692
|
| 952 |
|
|
|0 0
|1 0
|2 ddc
|4 0
|6 306_770000000000000_WOO
|7 0
|9 52627
|a SCL
|b SCL
|c GEN
|d 2015-02-15
|e Gift: The British Council
|l 1
|o 306.77 WOO
|p 3020003828
|r 2026-05-05
|s 2026-05-02
|t 1
|w 2015-02-15
|y BK
|